000 00687nam a2200229 a 4500
001 000043462
003 DO-SdBNP
005 20220610094214.0
007 ta
008 140318s2009 dr a 000 0 spa d
040 _aDO-SdBNP
_bspa
_cBNPHU
082 _axxx
_bV831
111 2 _aSuperintendencia de Pensiones
_971148
245 1 0 _aVisión innovadora :
_cplan estratégico de la SIPEN enfocado en la excelencia
260 _aSanto Domingo :
_bSIPEN,
_c2009.
300 _a244 p. :
_bil. ;
_c24 cm.
590 _aInventariado, 2022 / DG
700 1 _aGerónimo, Joaquín
_9676
710 2 _aSistema de Pensiones en República Dominicana
_971149
910 _aDG
942 _2ddc
_cLBS1
999 _c52003
_d52003